Papua New Guinea Country Quiz - Statistics

General Stats
  • This quiz has been taken 30,807 times
    26,375 since last reset
  • The average score is 9 of 17
Answer Stats
Hint Answer % Correct
The only country that PNG borders Indonesia
98%
Country from which PNG gained its independence in 1975 Australia
91%
PNG has 851 of these, more than any other country Native {languages}
85%
Capital of Papua New Guinea Port Moresby
83%
Largest sector of the economy Agriculture
67%
Country that colonized the northern half of PNG from 1884–1919 Germany
63%
"ism" that was once widespread, and still persists among some remote tribes {Cannibal}ism
62%
Most popular sport Rugby league
61%
Constellation that appears on the flag Southern Cross
59%
Sub-region of Oceania that PNG is a part of {Mela}nesia
56%
Name one of the three main seas that border PNG Coral Sea | Bismarck Sea | Solomon Sea
47%
Type of bird that appears on the flag Raggiana bird-of-paradise
40%
Ocean strait separating PNG from the above {Torres} Strait
32%
At 25 cm across, Queen Alexandra's birdwing is the largest type of _______ found anywhere in the world Butterfly
31%
Region that overwhelmingly voted to become independent in 2019 (note: results are non-binding) Bougainville
30%
Second largest island New {Britain}
22%
Highest mountain Mount Wilhelm
13%
No matching quizzes found
Score Distribution
Percent of People with Each Score
Percentile by Number Answered
Your Score History
You have not taken this quiz since the last reset